00378 2200145 4500001002100000008004100021035002000062245003700082100001400119260002100133300001400154082001100168650004000179990001300219INLIS000000000001337 ind  a0010-0423001337 aSEJARAH PAHLAWAN PAHLAWAN BANGSA aRAHIMSYAH aSURABAYAbAMELIA ahlm.ccm. a920598 aBIOGRAFI - INDONESIAM (ORANG-ORANG) a101141-1